000
00314nam a2200121Ia 4500
005
20251222154359.0
008
251222s9999||||xx |||||||||||||| ||spa||
020
_a
9972-46-230-7
082
_a
333.758.5/A98
100
_a
"Asnaran Castillo, Guillermo"
245
0
_a
La competitividad global agrÃcola
942
_c
LIB
999
_c
35217
_d
35217